书目信息 |
| 题名: |
莫尔格街凶杀案
|
|
| 作者: | 爱伦·坡 著 | |
| 分册: | ||
| 出版信息: | 北京 外语教学与研究出版社 2003.09 |
|
| 页数: | 73页 | |
| 开本: | 20cm | |
| 丛书名: | ||
| 单 册: | ||
| 中图分类: | H319.4:I | |
| 科图分类: | ||
| 主题词: | 英语 | |
| 电子资源: | ||
| ISBN: | 7-5600-3615-5 | |
| 000 | 00557nam0 2200193 45 | |
| 001 | 0464507897 | |
| 005 | 2004052617550784 | |
| 010 | @a7-5600-3615-5@dCNY 3.90 | |
| 100 | @a20040526d2003 km y0chiy0120 ea | |
| 101 | 0 | @achi |
| 102 | @aCN@b110000 | |
| 200 | 1 | @a莫尔格街凶杀案@AMo Er Ge Jie Xiong Sha An@f(美)爱伦·坡著@F(Mei)Ai Lun·Po Zhu |
| 210 | @a北京@c外语教学与研究出版社@d2003.09 | |
| 215 | @a73页@d20cm | |
| 606 | 0 | @a英语 |
| 690 | @aH319.4:I@v3 | |
| 701 | 0 | @a爱伦·坡@AAi Lun·Po@4著 |
| 801 | 0 | @aCN@bPFT@c20040526 |
| 905 | @a安徽大学@dH319.4:I@eA455 | |
| 莫尔格街凶杀案/(美)爱伦·坡著.-北京:外语教学与研究出版社,2003.09 |
| 73页;20cm |
| ISBN 7-5600-3615-5:CNY 3.90 |
| ● |
| 相关链接 |
|
|
|
正题名:莫尔格街凶杀案
索取号:H319.4:I/A455
 
预约/预借
| 序号 | 登录号 | 条形码 | 馆藏地/架位号 | 状态 | 备注 |
| 1 | 377612 | 203776128 | 语言库209/209语言库 52排6列1层/ [索取号:H319.4:I/A455] | 在馆 | |
| 2 | 377613 | 203776137 | 语言库209/209语言库 52排6列1层/ [索取号:H319.4:I/A455] | 在馆 | |
| 3 | 377614 | 203776146 | 语言库209/209语言库 52排6列1层/ [索取号:H319.4:I/A455] | 在馆 | |
| 4 | 377615 | 203776155 | 语言库209/ [索取号:H319.4:I/A455] | 在馆 | |
| 5 | 377616 | 203776164 | 语言库209/209语言库 52排6列1层/ [索取号:H319.4:I/A455] | 在馆 |